All Monte-Carlo Rolex Masters Winners (1995-2022) - Statistics

General Stats
  • This quiz has been taken 80 times
    54 since last reset
  • The average score is 21 of 27
Answer Stats
Year Player % Correct
2013 Novak Djokovic
100%
2015 Novak Djokovic
100%
2005 Rafael Nadal
100%
2006 Rafael Nadal
100%
2007 Rafael Nadal
100%
2008 Rafael Nadal
100%
2009 Rafael Nadal
100%
2010 Rafael Nadal
100%
2011 Rafael Nadal
100%
2012 Rafael Nadal
100%
2016 Rafael Nadal
100%
2017 Rafael Nadal
100%
2018 Rafael Nadal
100%
2002 Juan Carlos Ferrero
79%
2003 Juan Carlos Ferrero
79%
2021 Stefanos Tsitsipas
79%
2022 Stefanos Tsitsipas
79%
2014 Stan Wawrinka
74%
1998 Carlos Moya
67%
1999 Gustavo Kuerten
67%
2001 Gustavo Kuerten
67%
1995 Thomas Muster
51%
1996 Thomas Muster
51%
2019 Fabio Fognini
49%
2004 Guillermo Coria
49%
1997 Marcelo Rios
31%
2000 Cedric Pioline
15%
No matching quizzes found
Score Distribution
Percent of People with Each Score
Percentile by Number Answered
Your Score History
You have not taken this quiz since the last reset